[Event "ICS rated standard match"]
[Site "204.178.125.65"]
[Date "2000.05.22"]
[Round "?"]
[White "Hossa"]
[Black "PostModernist"]
[Result "0-1"]
[WhiteElo "2305"]
[BlackElo "2408"]
[PlyCount "122"]
[EventDate "2000.??.??"]

1. e4 c5 2. Nf3 d6 3. d4 Nf6 4. dxc5 Qa5+ 5. c3 Qxc5 6. Bd3 g6 7. Na3 Bg7 8.
Be3 Qa5 9. Nc4 Qd8 10. e5 dxe5 11. Nfxe5 O-O 12. O-O b5 13. Na3 a6 14. Qf3 Qd5
15. Bd4 Qxf3 16. Nxf3 Nc6 17. Rfe1 Nxd4 18. Nxd4 Re8 19. Nac2 e5 20. Nb3 Bf8
21. Rad1 e4 22. Be2 Be6 23. Ne3 Rec8 24. Nd4 Bxa2 25. Ra1 Bd5 26. Nxd5 Nxd5 27.
f3 e3 28. Bd3 b4 29. Be4 bxc3 30. Bxd5 cxb2 31. Rab1 Ra7 32. Ba2 Bb4 33. Rxe3
Bc5 34. Rd3 Rd7 35. Rbd1 Rxd4 36. Rxd4 Bxd4+ 37. Rxd4 Rc1+ 38. Kf2 Ra1 39. Rb4
Rxa2 40. Ke3 a5 41. Rb8+ Kg7 42. Kd3 a4 43. Kc2 a3 44. Rb7 Ra1 45. Rxb2 axb2
46. Kxb2 Rh1 47. h3 Rh2 48. Kc3 Kf6 49. h4 Rxg2 50. Kd4 h5 51. Ke4 g5 52. hxg5+
Rxg5 53. Kd4 h4 54. f4 Rg3 55. Kc5 h3 56. Kc6 h2 57. Kd5 h1=Q+ 58. Kc5 Rc3+ 59.
Kb4 Qc6 60. f5 Qc5+ 61. Ka4 Ra3# {Hossa checkmated} 0-1

[Event "ICS Rated standard match"]
[Site "204.178.125.65"]
[Date "2000.05.22"]
[Round "?"]
[White "cmslim"]
[Black "Hossa"]
[Result "1-0"]
[WhiteElo "2603"]
[BlackElo "2294"]
[PlyCount "93"]
[EventDate "2000.??.??"]

1. e4 c5 2. Nf3 d6 3. d4 Nf6 4. Nc3 cxd4 5. Nxd4 e6 6. g4 e5 7. Bb5+ Bd7 8.
Bxd7+ Qxd7 9. Nf5 h5 10. f3 hxg4 11. fxg4 Nc6 12. Bg5 Nh7 13. Bh4 g6 14. Ne3
Be7 15. Bxe7 Nxe7 16. Qd2 O-O-O 17. O-O-O Kb8 18. h4 f5 19. exf5 gxf5 20. Nxf5
Nxf5 21. gxf5 Rhf8 22. Ne4 d5 23. Ng3 Nf6 24. h5 Rg8 25. Qe3 Qc7 26. Kb1 Rc8
27. c3 d4 28. cxd4 exd4 29. Qxd4 Rxg3 30. Rc1 Rg4 31. Qxf6 Rc4 32. Qg5 Qc6 33.
Qe3 Rc2 34. f6 Qxf6 35. Rxc2 Qf5 36. Qg3+ Ka8 37. Qg6 Qf8 38. Rxc8+ Qxc8 39.
Re1 Qb8 40. Re8 a6 41. Rxb8+ Kxb8 42. Qd6+ Ka7 43. h6 a5 44. h7 b6 45. Qd7+ Ka6
46. h8=Q a4 47. Qa8# {Hossa checkmated} 1-0

[Event "ICS rated blitz match"]
[Site "204.178.125.65"]
[Date "2000.05.22"]
[Round "?"]
[White "Tika"]
[Black "Hossa"]
[Result "0-1"]
[WhiteElo "2069"]
[BlackElo "2528"]
[PlyCount "90"]
[EventDate "2000.??.??"]

1. e4 c5 2. Nc3 Nc6 3. g3 Nf6 4. Bg2 e6 5. Nf3 d5 6. exd5 exd5 7. d4 cxd4 8.
Nxd4 Bb4 9. O-O O-O 10. Bg5 Be7 11. Re1 Nxd4 12. Qxd4 Be6 13. Rad1 Qc8 14. Bxf6
Bxf6 15. Qd3 Bxc3 16. bxc3 Rd8 17. Rb1 Bf5 18. Qd2 Be4 19. f3 Bg6 20. Re5 Qc5+
21. Kh1 b6 22. f4 Be4 23. Bxe4 dxe4 24. Qe1 Qc4 25. Rxe4 Qxa2 26. Rd1 Rxd1 27.
Qxd1 Qa3 28. Rd4 Re8 29. Rd8 Qf8 30. Rd7 a5 31. Qd5 Re1+ 32. Kg2 Re2+ 33. Kh3
Re8 34. Qb3 Rb8 35. f5 g6 36. g4 Qe8 37. Qd5 Rc8 38. c4 gxf5 39. Qxf5 Rc5 40.
Rd5 Qe3+ 41. Kg2 Rxc4 42. Rd8+ Kg7 43. Rd7 Qe2+ 44. Kg1 Rxg4+ 45. Kh1 Qg2# {
Tika checkmated} 0-1

[Event "ICS rated blitz match"]
[Site "204.178.125.65"]
[Date "2000.05.23"]
[Round "?"]
[White "Hossa"]
[Black "Tika"]
[Result "1-0"]
[WhiteElo "2530"]
[BlackElo "2056"]
[PlyCount "77"]
[EventDate "2000.??.??"]

1. e4 c5 2. Nf3 g6 3. Nc3 Nc6 4. Bb5 Bg7 5. d3 Nd4 6. O-O a6 7. Ba4 b5 8. Bb3
Bb7 9. Nxd4 cxd4 10. Ne2 d5 11. exd5 Bxd5 12. Bxd5 Qxd5 13. a4 Rc8 14. axb5
axb5 15. b4 Nf6 16. Re1 O-O 17. Ra7 Qd6 18. Bb2 e5 19. f4 Nd5 20. fxe5 Bxe5 21.
Bxd4 Nxb4 22. c3 Nc6 23. Bxe5 Qc5+ 24. d4 Qxa7 25. Bf6 Rfe8 26. Qd2 Qa3 27. Qh6
Qf8 28. Qd2 Ne7 29. Nf4 Nf5 30. g4 Rxe1+ 31. Qxe1 Nd6 32. Nd5 Re8 33. Be7 Qh6
34. Nf6+ Kg7 35. Nxe8+ Nxe8 36. Qe5+ Kg8 37. Ba3 Qd2 38. Qxe8+ Kg7 39. Bf8+ {
Tika resigns} 1-0

[Event "ICS rated blitz match"]
[Site "204.178.125.65"]
[Date "2000.05.23"]
[Round "?"]
[White "TomLim"]
[Black "Hossa"]
[Result "0-1"]
[WhiteElo "1990"]
[BlackElo "2532"]
[PlyCount "46"]
[EventDate "2000.??.??"]

1. e4 c5 2. Nf3 d6 3. d4 Nf6 4. Nc3 cxd4 5. Nxd4 Nc6 6. g3 e5 7. Nde2 Bg4 8.
Be3 Bf3 9. Rg1 Nxe4 10. Bg2 Nxc3 11. bxc3 Bxg2 12. Rxg2 Be7 13. f3 d5 14. Rb1
Qd7 15. Nc1 O-O 16. Nd3 Rac8 17. Kf2 Rc7 18. f4 e4 19. Ne5 Nxe5 20. fxe5 Rxc3
21. Bd4 Ra3 22. Rb2 Qa4 23. Qg4 Qxd4+ {TomLim resigns} 0-1

[Event "ICS rated blitz match"]
[Site "chess.net"]
[Date "2000.05.23"]
[Round "?"]
[White "RVm"]
[Black "Hossa"]
[Result "1-0"]
[WhiteElo "2086"]
[BlackElo "2324"]
[PlyCount "105"]
[EventDate "2000.??.??"]

1. e4 c5 2. Nc3 Nc6 3. g3 Nf6 4. Bg2 e6 5. d3 d5 6. h3 Be7 7. Nge2 d4 8. Nb1
O-O 9. O-O e5 10. f4 Be6 11. f5 Bc8 12. Nd2 b6 13. Nf3 c4 14. g4 Bc5 15. Kh2
cxd3 16. cxd3 h6 17. a3 Bb7 18. b4 Bd6 19. Ng3 a5 20. b5 Na7 21. a4 Rc8 22. g5
hxg5 23. Bxg5 Re8 24. Rf2 Rc5 25. Nh4 Be7 26. Bc1 Nxe4 27. Bxe4 Bxe4 28. Nxe4
Bxh4 29. Rg2 Be7 30. Qg4 Bf6 31. Bh6 g6 32. fxg6 Rc2 33. Rxc2 Re6 34. Rg1 Bh8
35. gxf7+ Kxf7 36. Qh5+ Ke7 37. Bg5+ Rf6 38. Nxf6 Ke6 39. Qg4+ Kf7 40. Nh5 Qd6
41. Qf5+ Ke8 42. Nf6+ Bxf6 43. Qxf6 Qxf6 44. Bxf6 Kf7 45. Bxe5 Ke6 46. Bxd4
Nxb5 47. axb5 a4 48. Rg5 a3 49. Rc6+ Kd7 50. Rg7+ Kd8 51. Rcc7 a2 52. Ra7 Ke8
53. Rg8# {Hossa checkmated} 1-0

[Event "ICS rated blitz match"]
[Site "chess.net"]
[Date "2000.05.23"]
[Round "?"]
[White "RVm"]
[Black "Hossa"]
[Result "0-1"]
[WhiteElo "2096"]
[BlackElo "2320"]
[PlyCount "72"]
[EventDate "2000.??.??"]

1. e4 c5 2. Nc3 e6 3. d3 d5 4. g3 Nf6 5. Bg2 Nc6 6. Nge2 d4 7. Nb1 Be7 8. h3
O-O 9. O-O e5 10. f4 Be6 11. f5 Bc8 12. Nd2 b6 13. Nf3 Ba6 14. b3 Ne8 15. g4
Nd6 16. a4 Qc7 17. Qe1 Rfd8 18. g5 f6 19. g6 h6 20. Qh4 Nb4 21. Bxh6 gxh6 22.
Rac1 Nxd3 23. cxd3 Bxd3 24. Nxe5 Bxe2 25. Rf2 fxe5 26. f6 Rf8 27. fxe7 Rxf2 28.
Kxf2 d3 29. Bf3 Bxf3 30. Kxf3 Kg7 31. Rf1 Re8 32. Ke3 Qxe7 33. Qg4 Qg5+ 34.
Qxg5 hxg5 35. Kxd3 Rh8 36. Rf3 Rh4 {RVm resigned} 0-1

[Event "ICS Rated blitz match"]
[Site "204.178.125.65"]
[Date "2000.05.23"]
[Round "?"]
[White "ouied"]
[Black "Hossa"]
[Result "1-0"]
[WhiteElo "2749"]
[BlackElo "2533"]
[PlyCount "69"]
[EventDate "2000.??.??"]

1. d4 d5 2. c4 c6 3. Nf3 e6 4. Nc3 Nf6 5. e3 Nbd7 6. Qc2 Be7 7. Be2 dxc4 8.
Bxc4 Nd5 9. a3 O-O 10. O-O Nxc3 11. bxc3 b5 12. Bd3 h6 13. Rd1 Bb7 14. e4 a6
15. c4 bxc4 16. Bxc4 c5 17. Rb1 Ra7 18. d5 exd5 19. Bxd5 Bxd5 20. Rxd5 Qc7 21.
Bb2 Rb7 22. Rbd1 Qc8 23. R5d2 Re8 24. Qa4 Rb8 25. Rxd7 Rxb2 26. Ne5 Bh4 27. Qc4
Re6 28. g3 Be7 29. Nxf7 Kxf7 30. R1d6 Qxd7 31. Rxd7 Rb1+ 32. Kg2 g6 33. Ra7 Re1
34. f3 Rd1 35. e5 {Hossa resigns} 1-0

[Event "ICS rated standard match"]
[Site "204.178.125.65"]
[Date "2000.05.23"]
[Round "?"]
[White "Hossa"]
[Black "QueenMaxima"]
[Result "0-1"]
[WhiteElo "2289"]
[BlackElo "2299"]
[PlyCount "88"]
[EventDate "2000.??.??"]

1. e4 e5 2. Nf3 Nc6 3. Bc4 Bc5 4. O-O Nf6 5. d3 d6 6. Be3 Bb6 7. Nc3 Bg4 8. Nd5
Nxd5 9. Bxd5 O-O 10. c3 Qf6 11. Qd2 Bxf3 12. gxf3 Qxf3 13. Qd1 Qh3 14. d4 Qh4
15. f4 exd4 16. cxd4 Rab8 17. a4 a5 18. e5 Ne7 19. Qb3 Nxd5 20. Qxd5 dxe5 21.
fxe5 Rbd8 22. Qxb7 Bxd4 23. Bxd4 Qxd4+ 24. Rf2 Qxe5 25. Qf3 c5 26. Raf1 Rd4 27.
b3 c4 28. Qc6 cxb3 29. Rxf7 Rb8 30. Rb7 h6 31. Rxb8+ Qxb8 32. Rb1 Rd2 33. Qf3
b2 34. Kf1 Qc8 35. Rd1 Rxd1+ 36. Qxd1 Qc1 37. Qxc1 bxc1=Q+ 38. Kf2 Qf4+ 39. Ke1
Qxa4 40. h3 Qc2 41. h4 a4 42. h5 a3 43. Kf1 a2 44. Kg1 a1=Q# {Hossa checkmated}
0-1

[Event "ICS rated blitz match"]
[Site "204.178.125.65"]
[Date "2000.05.23"]
[Round "?"]
[White "Beadle"]
[Black "Hossa"]
[Result "1-0"]
[WhiteElo "2569"]
[BlackElo "2526"]
[PlyCount "107"]
[EventDate "2000.??.??"]

1. e4 c5 2. Nf3 Nc6 3. Bb5 e6 4. O-O a6 5. Bxc6 bxc6 6. d3 d5 7. Nc3 Bd6 8. e5
Be7 9. Re1 a5 10. Kh1 Ba6 11. Bf4 Bf8 12. Qd2 Ne7 13. Bg5 h6 14. Bh4 g5 15. Bg3
Nf5 16. h3 c4 17. d4 c5 18. Ne2 h5 19. Nxg5 cxd4 20. Nf3 d3 21. Ned4 Nxg3+ 22.
fxg3 Bh6 23. Qc3 Qb6 24. a3 Rg8 25. Kh2 Rb8 26. Rab1 a4 27. cxd3 cxd3 28. b3
Rc8 29. bxa4 Qd8 30. Qb2 Rc4 31. Qb3 d2 32. Red1 Qa5 33. Qb8+ Rc8 34. Qb6 Qxa4
35. Nxe6 Rg6 36. Nc7+ Kf8 37. e6 Be2 38. Qb7 Rxc7 39. Qxc7 Rxe6 40. Ne5 Rxe5
41. Rb8+ Kg7 42. Qxe5+ f6 43. Qe7+ Kg6 44. Rg8+ Kf5 45. Qxe2 Be3 46. Rf1+ Bf4
47. gxf4 Qe4 48. Qxh5+ Ke6 49. Rd8 d1=Q 50. Qe8+ Kf5 51. Qd7+ Kg6 52. Rg8+ Kh5
53. Rh8+ Kg6 54. Qh7# {Hossa checkmated} 1-0

[Event "ICS rated blitz match"]
[Site "204.178.125.65"]
[Date "2000.05.23"]
[Round "?"]
[White "Hossa"]
[Black "QueenMaxima"]
[Result "0-1"]
[WhiteElo "2512"]
[BlackElo "2531"]
[PlyCount "184"]
[EventDate "2000.??.??"]

1. e4 e5 2. Nf3 Nc6 3. Bc4 Bc5 4. Nc3 Nf6 5. Ng5 O-O 6. Na4 Bd4 7. c3 Bb6 8.
Nxb6 axb6 9. d3 d5 10. exd5 Nxd5 11. O-O f6 12. Ne4 Bf5 13. f4 Na5 14. fxe5
Nxc4 15. Rxf5 Nxe5 16. d4 Nc6 17. Rf1 Re8 18. Qf3 Qd7 19. Bf4 Re7 20. Bg3 Ra5
21. Bf2 f5 22. Nd2 Re8 23. Bg3 Nce7 24. Nc4 Ra4 25. Ne5 Qd8 26. Bh4 Ra5 27. Qh5
g6 28. Qh6 b5 29. g4 Qc8 30. Bxe7 Rxe7 31. gxf5 Ra6 32. Kh1 Rg7 33. fxg6 hxg6
34. Qg5 Qa8 35. a3 Rd6 36. Rae1 b6 37. Kg1 Rh7 38. Ng4 Rh5 39. Nh6+ Kh7 40.
Rf7+ Kh8 41. Qd2 Rf6 42. Ree7 Nxe7 43. Rxf6 Qe4 44. Rf8+ Kh7 45. Rf7+ Kh8 46.
Rf1 Kg7 47. Rf7+ Kh8 48. Rf2 Kg7 49. Nf7 Qg4+ 50. Kf1 Qe4 51. Qe1 Qh1+ 52. Ke2
Rxh2 53. Qxh1 Rxh1 54. Ne5 Nf5 55. Kf3 c5 56. d5 Rd1 57. c4 bxc4 58. Nxc4 Rd3+
59. Ke2 Rxd5 60. Nxb6 Rd6 61. Nc4 Rd7 62. Ke1 Nd4 63. Kf1 g5 64. a4 Nb3 65. Nb6
Rd6 66. Nc8 Rd4 67. Rf5 Kg6 68. Ne7+ Kh5 69. a5 Rd6 70. Nd5 Ra6 71. Rf2 Rxa5
72. Nf6+ Kg6 73. Nd7 g4 74. Re2 Ra2 75. Nf8+ Kf5 76. Rf2+ Ke4 77. Ne6 g3 78.
Rc2 Nd4 79. Nxd4 cxd4 80. Kg2 d3 81. Rc4+ Ke3 82. Rc7 d2 83. Rd7 Rxb2 84. Kh3
g2 85. Kh4 g1=Q 86. Re7+ Kf4 87. Rf7+ Ke5 88. Re7+ Kf6 89. Rd7 Rb4+ 90. Kh3
Rb3+ 91. Rd3 Rxd3+ 92. Kh4 Qg5# {Hossa checkmated} 0-1

[Event "ICS rated blitz match"]
[Site "204.178.125.65"]
[Date "2000.05.23"]
[Round "?"]
[White "Hossa"]
[Black "Audaz"]
[Result "1-0"]
[WhiteElo "2497"]
[BlackElo "2149"]
[PlyCount "183"]
[EventDate "2000.??.??"]

1. e4 d6 2. d4 Nf6 3. Nc3 g6 4. g3 Bg7 5. Nge2 O-O 6. Bg2 e5 7. O-O exd4 8.
Nxd4 Bd7 9. Bg5 h6 10. Bf4 Nc6 11. Nxc6 Bxc6 12. Qc1 g5 13. Bd2 Re8 14. Re1 Qd7
15. Qd1 Rad8 16. Nd5 Nxd5 17. exd5 Bb5 18. c3 Rxe1+ 19. Qxe1 Re8 20. Be3 c5 21.
Qd2 Qf5 22. Re1 Bd3 23. b3 b6 24. Qc1 b5 25. Bd2 Rxe1+ 26. Qxe1 Be5 27. a3 a5
28. Bc1 Bc2 29. b4 axb4 30. axb4 Qd3 31. bxc5 Bxc3 32. Qe8+ Kg7 33. Bf1 Qd1 34.
Qe3 b4 35. cxd6 Bf5 36. g4 Qxg4+ 37. Qg3 Qxg3+ 38. fxg3 b3 39. Be3 b2 40. d7
Bxd7 41. Bd3 f5 42. Kf2 Kf6 43. Bc5 Ke5 44. Bf8 h5 45. Bg7+ Kxd5 46. Bxc3 f4
47. Bxb2 fxg3+ 48. Kxg3 h4+ 49. Kf3 g4+ 50. Kf4 g3 51. hxg3 hxg3 52. Kxg3 Ba4
53. Kf4 Bd7 54. Be4+ Kc4 55. Bf6 Be8 56. Ke5 Bd7 57. Bd5+ Kd3 58. Kf4 Bb5 59.
Bg2 Be8 60. Bf1+ Kd2 61. Bc4 Bg6 62. Kf3 Bd3 63. Bb3 Bc2 64. Bd5 Bg6 65. Bc6
Bh5+ 66. Ke4 Bg6+ 67. Kd4 Bf7 68. Bb5 Bh5 69. Bd3 Be2 70. Bg5+ Kd1 71. Bf5 Bh5
72. Ke3 Be2 73. Bg6 Bb5 74. Be7 Bc4 75. Bb4 Be6 76. Kd3 Bg4 77. Be4 Be2+ 78.
Kd4 Bh5 79. Ke3 Bf7 80. Bf5 Be8 81. Bc3 Bf7 82. Bb2 Be8 83. Be4 Bf7 84. Bd3 Be8
85. Ba3 Bf7 86. Bf5 Be8 87. Be4 Bf7 88. Kd3 Be8 89. Bf3+ Ke1 90. Ke3 Bf7 91.
Be2 Bc4 92. Bb4# {Audaz checkmated} 1-0

[Event "ICS rated blitz match"]
[Site "204.178.125.65"]
[Date "2000.05.23"]
[Round "?"]
[White "Audaz"]
[Black "Hossa"]
[Result "0-1"]
[WhiteElo "2145"]
[BlackElo "2501"]
[PlyCount "118"]
[EventDate "2000.??.??"]

1. e4 e5 2. Nf3 Nc6 3. Bb5 f5 4. Qe2 fxe4 5. Bxc6 bxc6 6. Qxe4 Bd6 7. Nxe5 Nf6
8. Qe2 Qe7 9. d4 c5 10. O-O cxd4 11. Re1 Bxe5 12. Qxe5 Qxe5 13. Rxe5+ Kf7 14.
Nd2 d6 15. Ra5 Re8 16. f3 Re2 17. Nb3 c5 18. Bf4 Ke6 19. Bd2 Kd5 20. Rd1 Bf5
21. Bf4 Ke6 22. Rxd4 Ne8 23. Ra6 Rxc2 24. Rd1 Ke7 25. Rd2 Rxd2 26. Nxd2 Bd3 27.
Ra3 c4 28. Ne4 Kd7 29. Nf2 Bb1 30. Ra6 h6 31. Ne4 Bd3 32. Nc3 Kc7 33. Nb5+ Kb7
34. Ra3 d5 35. Nd4 a5 36. Nb3 Kb6 37. Be3+ Kb5 38. Nd4+ Kc5 39. Ne6+ Kc6 40.
Bd4 g5 41. Be5 Nd6 42. Nd4+ Kd7 43. f4 gxf4 44. Bxf4 h5 45. h3 Ne4 46. g3 Ra6
47. Nf3 Ke6 48. Nd4+ Kf7 49. Nb3 cxb3 50. axb3 Bc2 51. b4 a4 52. Re3 Rb6 53. g4
hxg4 54. hxg4 Rxb4 55. Be5 Bd1 56. g5 Nxg5 57. Rd3 Rg4+ 58. Kf1 Bb3 59. Bc3 Bc4
{Audaz resigns} 0-1

[Event "ICS rated blitz match"]
[Site "204.178.125.65"]
[Date "2000.05.23"]
[Round "?"]
[White "Hossa"]
[Black "Audaz"]
[Result "0-1"]
[WhiteElo "2505"]
[BlackElo "2141"]
[PlyCount "86"]
[EventDate "2000.??.??"]

1. e4 c5 2. Nf3 Nc6 3. Bb5 g6 4. O-O Bg7 5. Re1 e5 6. Bxc6 dxc6 7. d3 Qe7 8.
Nbd2 Nh6 9. Nb3 b6 10. a4 O-O 11. a5 Be6 12. Bxh6 Bxh6 13. axb6 axb6 14. Nxe5
Bxb3 15. Rxa8 Rxa8 16. Ng4 Bg7 17. cxb3 Bxb2 18. Qd2 Bg7 19. Ne3 Ra3 20. Rb1 b5
21. Qc2 Bd4 22. Ng4 h5 23. Ne3 Qa7 24. Qc1 Ra2 25. g3 Re2 26. Nc2 c4 27. Qd1
Rxf2 28. Nxd4 Qxd4 29. Kh1 cxd3 30. Qf1 Qxe4+ 31. Kg1 Rxf1+ 32. Rxf1 Qe3+ 33.
Kg2 d2 34. Ra1 Qe2+ 35. Kg1 Qe1+ 36. Rxe1 dxe1=Q+ 37. Kg2 Qe2+ 38. Kg1 Kg7 39.
h4 Kf6 40. Kh1 Kf5 41. Kg1 Kg4 42. b4 Kxg3 43. Kh1 Qg2# {Hossa checkmated} 0-1

[Event "ICS rated blitz match"]
[Site "204.178.125.65"]
[Date "2000.05.23"]
[Round "?"]
[White "Sjeng"]
[Black "Hossa"]
[Result "1/2-1/2"]
[WhiteElo "2252"]
[BlackElo "2477"]
[PlyCount "178"]
[EventDate "2000.??.??"]

1. e4 c5 2. Nf3 Nc6 3. d4 cxd4 4. Nxd4 g6 5. c4 Bg7 6. Be3 Nf6 7. Nc3 O-O 8.
Be2 b6 9. O-O Nxd4 10. Bxd4 d6 11. e5 dxe5 12. Bxe5 Bf5 13. Qc1 Qc8 14. Bf3 Bd3
15. Re1 Bxc4 16. Qf4 b5 17. Bxa8 Qxa8 18. a4 Bd5 19. Qg5 h6 20. Qg3 bxa4 21.
Bxf6 Bxf6 22. Rxa4 Bc6 23. Ra5 Qb7 24. Qe3 Qxb2 25. Nd1 Qb6 26. Qxb6 axb6 27.
Ra6 Rb8 28. Ne3 Kf8 29. Ra7 b5 30. Rd1 Kg7 31. Ra6 Rc8 32. Rb6 Bb2 33. Rd2 Bc3
34. Rd1 Be8 35. Rc1 Rc5 36. Rd1 Bc6 37. Rc1 b4 38. Rd1 e6 39. h3 Bb5 40. Rb1
Be2 41. Rb7 Kf6 42. Rd7 Rb5 43. f3 Ra5 44. Nc2 Bb5 45. Rd8 Ba4 46. Ne3 Bc6 47.
Rd6 Bd5 48. Nxd5+ Rxd5 49. Rc6 Rd7 50. Rc4 Kf5 51. g3 e5 52. Rc6 e4 53. fxe4+
Kxe4 54. Rf1 Ra7 55. Rc4+ Kd3 56. Rh4 Bd2 57. Rb1 Rb7 58. Rb3+ Bc3 59. Rb1 b3
60. Rf4 Kc2 61. Rff1 Bd2 62. Ra1 b2 63. Ra2 Ra7 64. Rxa7 Be3+ 65. Kg2 Bxa7 66.
Kf3 Bd4 67. Ke4 Bb6 68. Ke5 Be3 69. Kf6 h5 70. Kxf7 g5 71. Kg6 Bc1 72. Rf2+ Bd2
73. Rf1 h4 74. gxh4 gxh4 75. Kh5 Be3 76. Kxh4 Bd4 77. Kg3 Bc5 78. Kf4 Bb6 79.
h4 Bd4 80. Ke4 Bc5 81. h5 Bb4 82. h6 b1=Q 83. Rxb1 Kxb1 84. h7 Bc3 85. Kf5 Kc1
86. Ke6 Kd1 87. Kf7 Ke1 88. Kg8 Kf1 89. h8=Q Bxh8 1/2-1/2

[Event "ICS rated blitz match"]
[Site "204.178.125.65"]
[Date "2000.05.23"]
[Round "?"]
[White "Sjeng"]
[Black "Hossa"]
[Result "0-1"]
[WhiteElo "2281"]
[BlackElo "2488"]
[PlyCount "138"]
[EventDate "2000.??.??"]

1. e4 Nc6 2. Nf3 e5 3. Bb5 Nf6 4. Bxc6 bxc6 5. O-O d6 6. Nc3 Bg4 7. d4 Bxf3 8.
gxf3 exd4 9. Qxd4 c5 10. Qa4+ Nd7 11. Nd5 Be7 12. Qc6 Rc8 13. Qb7 Bh4 14. Qxa7
c6 15. Nc3 Ne5 16. f4 Nf3+ 17. Kh1 Nd4 18. Bd2 Ra8 19. Qb7 O-O 20. b3 f5 21.
Na4 fxe4 22. c3 Rf7 23. Qb6 Qe8 24. cxd4 Bd8 25. dxc5 Bxb6 26. Nxb6 Rd8 27.
cxd6 e3 28. fxe3 Qe4+ 29. Kg1 Rxd6 30. Rf2 Rg6+ 31. Kf1 Qh1+ 32. Ke2 Qxa1 33.
a4 Qa2 34. Nc4 Qxb3 35. Ne5 Rg1 36. Nxf7 Kxf7 37. e4 Qxa4 38. Ke3 Rb1 39. f5
Rb3+ 40. Kf4 Qd4 41. Re2 g5+ 42. fxg6+ Kxg6 43. Rg2+ Kf7 44. Bc3 Qxc3 45. Rg3
Qf6+ 46. Kg4 Qg6+ 47. Kf4 Rxg3 48. hxg3 Qxg3+ 49. Kxg3 h5 50. Kf4 Ke6 51. Ke3
c5 52. Kf4 h4 53. Kg4 Ke5 54. Kf3 c4 55. Ke3 h3 56. Kf3 h2 57. Kg2 c3 58. Kxh2
Kf4 59. Kh3 c2 60. e5 c1=Q 61. Kg2 Qc2+ 62. Kf1 Qc4+ 63. Ke1 Qc3+ 64. Ke2 Qe3+
65. Kd1 Qb3+ 66. Kd2 Ke4 67. Ke1 Qe3+ 68. Kf1 Kf3 69. e6 Qc1# {Sjeng checkmated
} 0-1

[Event "ICS rated blitz match"]
[Site "204.178.125.65"]
[Date "2000.05.23"]
[Round "?"]
[White "Hossa"]
[Black "Sjeng"]
[Result "1-0"]
[WhiteElo "2495"]
[BlackElo "2278"]
[PlyCount "147"]
[EventDate "2000.??.??"]

1. e4 c6 2. Nc3 d5 3. Nf3 Bg4 4. exd5 cxd5 5. d4 Nf6 6. Bf4 Nc6 7. Be2 Qb6 8.
Na4 Qa5+ 9. c3 Bxf3 10. Bxf3 b5 11. Nc5 b4 12. c4 e6 13. Nb3 Qa6 14. c5 Be7 15.
Be2 Qb7 16. Rb1 a5 17. a4 bxa3 18. bxa3 Qd7 19. Bb5 O-O 20. Nd2 Qc8 21. Bxc6
Qxc6 22. O-O Ra7 23. Nf3 Ne4 24. Rb6 Qa8 25. Qb3 Ra6 26. Rb8 Rxb8 27. Bxb8 a4
28. Qb2 Rc6 29. Ne5 Rc8 30. Rb1 Bg5 31. Nf3 Be7 32. Qb7 Qxb7 33. Rxb7 Nxc5 34.
dxc5 Bxc5 35. Bf4 Bxa3 36. Ra7 Bd6 37. g3 Bxf4 38. gxf4 h5 39. Rxa4 Rb8 40. Ne5
f6 41. Nc6 Rb6 42. Ra8+ Kf7 43. Ra7+ Kf8 44. Ne7 d4 45. f5 exf5 46. Nxf5 d3 47.
Kg2 g6 48. Nh4 g5 49. Nf5 d2 50. Rd7 Rb2 51. Ng3 Ke8 52. Rd5 Ke7 53. Ne4 Ke6
54. Rxd2 Rxd2 55. Nxd2 Ke5 56. Nf3+ Ke4 57. Kg3 h4+ 58. Nxh4 gxh4+ 59. Kxh4 Kf3
60. Kh5 Kg2 61. f4 Kf3 62. f5 Kg2 63. Kg6 Kxh2 64. Kxf6 Kh3 65. Ke5 Kg4 66. f6
Kf3 67. f7 Ke3 68. f8=Q Kd3 69. Qc8 Ke3 70. Qc3+ Ke2 71. Kf4 Kd1 72. Qb2 Ke1
73. Ke3 Kd1 74. Qb1# {Sjeng checkmated} 1-0

[Event "ICS rated standard match"]
[Site "204.178.125.65"]
[Date "2000.05.23"]
[Round "?"]
[White "Hossa"]
[Black "Tinker"]
[Result "1-0"]
[WhiteElo "2269"]
[BlackElo "2411"]
[PlyCount "111"]
[EventDate "2000.??.??"]

1. e4 e5 2. Nf3 Nf6 3. Nc3 Nc6 4. d4 exd4 5. Nxd4 Nxd4 6. Qxd4 d6 7. Bg5 Be7 8.
O-O-O Bd7 9. e5 c5 10. Qf4 dxe5 11. Qxe5 O-O 12. Ne4 b6 13. Bb5 Bxb5 14. Rxd8
Bxd8 15. Bxf6 Bxf6 16. Nxf6+ gxf6 17. Qxf6 Rae8 18. Qg5+ Kh8 19. Qf4 Re6 20.
Qc7 a6 21. f4 f5 22. Rd1 Kg8 23. Rd8 Rxd8 24. Qxd8+ Kf7 25. Qd5 Kf6 26. c4 Be8
27. Qb7 b5 28. Qxh7 bxc4 29. Qh8+ Ke7 30. Kd2 Bd7 31. h4 Rd6+ 32. Kc2 Re6 33.
Qg7+ Kd6 34. Qf8+ Kc6 35. Qa8+ Kb6 36. Qd5 Re2+ 37. Kc1 Bc6 38. Qxf5 Rxg2 39.
Qe5 a5 40. Qb8+ Ka6 41. Qc7 Rg1+ 42. Kd2 Rg6 43. Kc3 Bf3 44. Qxc5 Rc6 45. Qe7
Bh5 46. f5 Kb6 47. f6 Bg6 48. f7 Bxf7 49. Qxf7 a4 50. Kb4 a3 51. Kxa3 c3 52.
bxc3 Rxc3+ 53. Qb3+ Rxb3+ 54. Kxb3 Ka6 55. h5 Kb5 56. h6 {Tinker resigns} 1-0

[Event "ICS Rated standard match"]
[Site "204.178.125.65"]
[Date "2000.05.23"]
[Round "?"]
[White "PostModernist"]
[Black "Hossa"]
[Result "1-0"]
[WhiteElo "2419"]
[BlackElo "2291"]
[PlyCount "73"]
[EventDate "2000.??.??"]

1. d4 d5 2. Nf3 c6 3. c4 dxc4 4. a4 Nf6 5. Nc3 Bg4 6. Ne5 Bh5 7. h3 Nbd7 8.
Nxc4 e6 9. g4 Bg6 10. Bg2 Bb4 11. O-O O-O 12. Qb3 a5 13. Na2 Nd5 14. e4 N5f6
15. Nxb4 axb4 16. Qxb4 c5 17. Qxb7 Rb8 18. Qc6 cxd4 19. Qd6 e5 20. Re1 Ne8 21.
Qc6 Rc8 22. Qb5 Rc5 23. Qb4 Qc7 24. b3 Nd6 25. Nxd6 Qxd6 26. Qd2 Rc7 27. Ba3
Nc5 28. Rec1 Rfc8 29. a5 Qe7 30. a6 f6 31. Bb4 Qd8 32. Bxc5 Rxc5 33. Rxc5 Rxc5
34. Qb4 Rc8 35. a7 Ra8 36. Qb7 Kh8 37. Bf1 {Hossa resigns} 1-0

[Event "ICS rated blitz match"]
[Site "204.178.125.65"]
[Date "2000.05.23"]
[Round "?"]
[White "Hossa"]
[Black "PostModernist"]
[Result "1/2-1/2"]
[WhiteElo "2500"]
[BlackElo "2607"]
[PlyCount "152"]
[EventDate "2000.??.??"]

1. e4 c5 2. Nf3 d6 3. d4 Nf6 4. Nc3 cxd4 5. Nxd4 Nc6 6. Bg5 e6 7. Qd2 a6 8.
Nxc6 bxc6 9. f4 h6 10. Bxf6 Qxf6 11. Bd3 e5 12. O-O Be7 13. Bc4 O-O 14. fxe5
Qxe5 15. Qf2 Bf6 16. Rad1 Bg4 17. Rd2 Rfb8 18. Bb3 Rb7 19. a3 Be6 20. Rfd1 Rd8
21. Bxe6 fxe6 22. Na4 Qxe4 23. Nc5 dxc5 24. Rxd8+ Bxd8 25. Rxd8+ Kh7 26. b3 Qe5
27. Rd1 c4 28. Re1 Qd5 29. b4 Rd7 30. Qf4 c5 31. h3 cxb4 32. axb4 Rd6 33. c3
Rc6 34. Rf1 e5 35. Qf5+ Rg6 36. Rf2 Qd3 37. Qxe5 Qxh3 38. Qd4 Rg4 39. Qd2 Qg3
40. Qc2+ Rg6 41. Re2 Qd3 42. Qxd3 cxd3 43. Rd2 Rf6 44. Rxd3 h5 45. c4 Kg6 46.
Kh2 h4 47. Rd4 Kh5 48. Kg1 g5 49. Kh2 g4 50. Re4 Kg5 51. Re5+ Kf4 52. Rd5 Re6
53. Rd1 Re4 54. Rf1+ Kg5 55. Rc1 Rd4 56. b5 axb5 57. cxb5 Rb4 58. Rc5+ Kf4 59.
Rc3 Rxb5 60. g3+ hxg3+ 61. Rxg3 Rb2+ 62. Rg2 g3+ 63. Kh1 Rb1+ 64. Rg1 Rxg1+ 65.
Kxg1 Kg5 66. Kg2 Kg4 67. Kg1 Kh4 68. Kg2 Kg4 69. Kg1 Kf3 70. Kf1 Ke3 71. Kg2
Kf4 72. Kg1 Kg4 73. Kg2 Kh4 74. Kg1 Kh3 75. Kh1 g2+ 76. Kg1 Kg3 {
Hossa stalemated} 1/2-1/2

[Event "ICS rated standard match"]
[Site "204.178.125.65"]
[Date "2000.05.23"]
[Round "?"]
[White "Tinker"]
[Black "Hossa"]
[Result "0-1"]
[WhiteElo "2389"]
[BlackElo "2281"]
[PlyCount "148"]
[EventDate "2000.??.??"]

1. e4 c5 2. Nf3 d6 3. d4 Nf6 4. Nc3 cxd4 5. Nxd4 Nc6 6. Nxc6 bxc6 7. Be2 e5 8.
g4 Be7 9. g5 Nd7 10. Be3 O-O 11. Qd2 Rb8 12. Na4 Nb6 13. Nxb6 axb6 14. O-O-O
Ra8 15. a3 Bh3 16. Rhe1 Ra4 17. g6 hxg6 18. Qc3 Qd7 19. Bxb6 Rxe4 20. Bf3 Rxe1
21. Rxe1 Rc8 22. Be3 Bf6 23. Be2 Rb8 24. Rd1 d5 25. Bc5 Bg5+ 26. Kb1 Bf4 27. a4
Bf5 28. Qa3 Be4 29. f3 Bf5 30. a5 Ra8 31. a6 f6 32. h4 Qc7 33. a7 Kh8 34. Rh1
Qf7 35. Qa4 Qe8 36. Ba6 Bc8 37. Bxc8 Rxc8 38. Qa6 Ra8 39. Qb7 Qc8 40. Qb6 Kh7
41. h5 g5 42. Qb3 f5 43. c4 d4 44. Rd1 Be3 45. Rh1 e4 46. fxe4 Qe6 47. Re1
Qxe4+ 48. Ka1 Qe5 49. Qb6 Rc8 50. Qb4 Qc7 51. Bb6 Qd7 52. Qa3 Ra8 53. Rd1 Qe6
54. Qd3 Qe4 55. Qxe4 fxe4 56. Kb1 Kh6 57. Bc5 g4 58. Bxd4 Bxd4 59. Rxd4 Rxa7
60. Rxe4 Kxh5 61. Re2 g3 62. Rc2 Kg4 63. Re2 Kf3 64. Re1 g2 65. Rd1 Kf2 66. Kc2
Re7 67. Kc3 c5 68. Rd2+ Re2 69. Rd1 g5 70. Kb3 g4 71. Kc3 g1=R 72. Rd3 g3 73.
Rd6 Rc1+ 74. Kb3 Re3+ {Tinker resigns} 0-1